Nommez ces personnes célèbres - Quiz d'images #9 - Statistiques

Statistiques générales
  • Ce quiz a été pris 302 fois
  • Le résultat moyen est 7 sur 15
Statistiques - réponses
Par images Hint Réponse % Correct
États-Unis John F. Kennedy
97%
Jamaique Bob Marley
93%
France Brigitte Bardot
85%
Autriche Sigmund Freud
69%
Mexique Frida Kahlo
60%
Libye Mouammar Kadhafi
51%
Egypte Gamal Abdel Nasser
46%
Inde Indira Gandhi
44%
Pays-Bas Mata Hari
44%
Espagne Pablo Picasso
37%
Royaume-Uni Charlie Chaplin
35%
Argentine Eva Peron
35%
Ouganda Idi Amin
25%
Suède Greta Garbo
19%
Hongrie Zsa Zsa Gabor
10%
Aucun quiz correspondant
Distribution des résultats
% des personnes avec chaque résultat
Percentile par nombre de réponses
Votre historique - résultats
Vous n’avez pas pris ce quiz